<?xml version="1.0" encoding="UTF-8"?><?xml-stylesheet type="text/xsl" href="static/style.xsl"?><OAI-PMH xmlns="http://www.openarchives.org/OAI/2.0/" xmlns:xsi="http://www.w3.org/2001/XMLSchema-instance" xsi:schemaLocation="http://www.openarchives.org/OAI/2.0/ http://www.openarchives.org/OAI/2.0/OAI-PMH.xsd"><responseDate>2026-06-01T12:31:45Z</responseDate><request verb="GetRecord" identifier="oai:riuma.uma.es:10630/36550" metadataPrefix="marc">https://riuma.uma.es/rest/oai/request</request><GetRecord><record><header><identifier>oai:riuma.uma.es:10630/36550</identifier><datestamp>2026-02-03T11:23:22Z</datestamp><setSpec>com_10630_2254</setSpec><setSpec>col_10630_37953</setSpec></header><metadata><record xmlns="http://www.loc.gov/MARC21/slim" xmlns:dcterms="http://purl.org/dc/terms/" xmlns:doc="http://www.lyncode.com/xoai" xmlns:xsi="http://www.w3.org/2001/XMLSchema-instance" xsi:schemaLocation="http://www.loc.gov/MARC21/slim http://www.loc.gov/standards/marcxml/schema/MARC21slim.xsd">
   <leader>00925njm 22002777a 4500</leader>
   <datafield ind2=" " ind1=" " tag="042">
      <subfield code="a">dc</subfield>
   </datafield>
   <datafield ind2=" " ind1=" " tag="720">
      <subfield code="a">Mateo-Ramírez, Ángel</subfield>
      <subfield code="e">author</subfield>
   </datafield>
   <datafield ind2=" " ind1=" " tag="720">
      <subfield code="a">Marina, Pablo</subfield>
      <subfield code="e">author</subfield>
   </datafield>
   <datafield ind2=" " ind1=" " tag="720">
      <subfield code="a">Martín-Arjona, Alejandro</subfield>
      <subfield code="e">author</subfield>
   </datafield>
   <datafield ind2=" " ind1=" " tag="720">
      <subfield code="a">Bañares-España, Elena</subfield>
      <subfield code="e">author</subfield>
   </datafield>
   <datafield ind2=" " ind1=" " tag="720">
      <subfield code="a">García-Raso, José Enrique</subfield>
      <subfield code="e">author</subfield>
   </datafield>
   <datafield ind2=" " ind1=" " tag="720">
      <subfield code="a">Rueda, José L.</subfield>
      <subfield code="e">author</subfield>
   </datafield>
   <datafield ind2=" " ind1=" " tag="720">
      <subfield code="a">Urra, Javier</subfield>
      <subfield code="e">author</subfield>
   </datafield>
   <datafield ind2=" " ind1=" " tag="260">
      <subfield code="c">2023-01-09</subfield>
   </datafield>
   <datafield ind2=" " ind1=" " tag="520">
      <subfield code="a">Meadows of the seagrass Posidonia oceanica inhabit most infralittoral bottoms of the Mediterranean&#xd;
Sea and are considered one of the main climax stages of the infralittoral environment. This&#xd;
seagrass has its western distributional limit along the coast of the Alboran Sea. Taking into account&#xd;
the decline of P. oceanica meadows and the global scenario of ocean warming, it becomes essential to&#xd;
know the structure, temporal dynamics, sexual reproduction and conservation status of this seagrass,&#xd;
across its geographical distribution, including the distribution boundaries where the meadows withstand&#xd;
limiting environmental conditions. In the present work, we studied the structure, phenology&#xd;
and flowering events of four P. oceanica meadows located in the northwestern Alboran Sea (close&#xd;
to the Strait of Gibraltar). Results indicate a decreasing trend of patch size, bathymetric range and&#xd;
number of leaves per shoot towards the Strait (and the Atlantic Ocean), as well as an increasing&#xd;
trend of shoot density and leaf height. Phenological parameters of the northwestern Alboran Sea&#xd;
P. oceanica meadows presented temporal dynamics similar to meadows from other locations within&#xd;
the biogeographical distribution of this seagrass, with similar or even less annual variability in the&#xd;
former. Although most of the studied P. oceanica meadows seem to present a good health status (BiPo&#xd;
index ~0.6) with high shoot densities and some flowering events, some of them showed evidence&#xd;
of regression.</subfield>
   </datafield>
   <datafield ind1="8" ind2=" " tag="024">
      <subfield code="a">Mateo-Ramírez, Á.; Marina, P.; Martín-Arjona, A.; Bañares-España, E.; García Raso, J.E.; Rueda, J.L.; Urra, J. Posidonia oceanica (L.) Delile at Its Westernmost Biogeographical Limit (Northwestern Alboran Sea): Meadow Features and Plant Phenology. Oceans 2023, 4, 27–48. https://doi.org/10.3390/ oceans4010003</subfield>
   </datafield>
   <datafield ind1="8" ind2=" " tag="024">
      <subfield code="a">https://hdl.handle.net/10630/36550</subfield>
   </datafield>
   <datafield ind1="8" ind2=" " tag="024">
      <subfield code="a">10.3390/ oceans4010003</subfield>
   </datafield>
   <datafield tag="653" ind2=" " ind1=" ">
      <subfield code="a">Biología marina</subfield>
   </datafield>
   <datafield tag="653" ind2=" " ind1=" ">
      <subfield code="a">Botánica - Investigación</subfield>
   </datafield>
   <datafield ind2="0" ind1="0" tag="245">
      <subfield code="a">Posidonia oceanica (L.) Delile at ItsWesternmost Biogeographical Limit (Northwestern Alboran Sea): Meadow Features and Plant Phenology</subfield>
   </datafield>
</record>
</metadata></record></GetRecord></OAI-PMH>